[Event "Wch Juvenil 2013 sub-14"]
[Site "Al-Ain UAE"]
[Date "2013.12.23"]
[Round "6.11"]
[White "Tari, Aryan"]
[Black "Tran, Minh Thang"]
[Result "1-0"]
[WhiteElo "2418"]
[BlackElo "2062"]
[PlyCount "55"]
[EventDate "2013.12.19"]
[EventType "swiss"]
[EventRounds "11"]
[EventCountry "UAE"]
[Source "lmi"]
[SourceDate "2013.12.19"]

1. e4 c5 2. Nf3 Nc6 3. Bb5 g6 4. Bxc6 bxc6 5. O-O Bg7 6. Nc3 Nf6 7. d3 Rb8 8.
e5 Nd5 9. Ne4 Qb6 10. Rb1 f5 11. exf6 Nxf6 12. Be3 Nxe4 13. dxe4 Qa5 14. e5 O-O
15. Re1 Rf5 16. Bg5 e6 17. a3 c4 18. Qd4 d5 19. Be7 Rb5 20. b3 cxb3 21. cxb3
Bf8 22. b4 Qb6 23. Bxf8 Rxf8 24. a4 Qxd4 25. Nxd4 Rb6 26. a5 Ra6 27. Nb3 c5 28.
b5 1-0

[Event "Wch Juvenil 2013 sub-14"]
[Site "Al-Ain UAE"]
[Date "2013.12.23"]
[Round "6.12"]
[White "Tokranovs, Dmitrijs"]
[Black "Marek, Matyas"]
[Result "1/2-1/2"]
[WhiteElo "2273"]
[BlackElo "2055"]
[PlyCount "139"]
[EventDate "2013.12.19"]
[EventType "swiss"]
[EventRounds "11"]
[EventCountry "UAE"]
[Source "lmi"]
[SourceDate "2013.12.19"]

1. e4 c5 2. c3 d5 3. exd5 Qxd5 4. d4 Nf6 5. Nf3 e6 6. Na3 Nc6 7. Be3 cxd4 8.
Nb5 Qd8 9. Nbxd4 Nxd4 10. Bxd4 Be7 11. Bd3 O-O 12. Qc2 h6 13. O-O Nd7 14. Qe2
Bf6 15. Be3 Qc7 16. Rad1 Rd8 17. Nd4 a6 18. Bc1 Nf8 19. Qf3 e5 20. Ne2 Be7 21.
Ng3 Be6 22. Nf5 Bg5 23. Bxg5 hxg5 24. Be4 Rab8 25. Ne3 b5 26. Bd5 Qc5 27. Qe4
f6 28. g3 Bxd5 29. Nxd5 Rd7 30. Nb4 Rxd1 31. Rxd1 Qb6 32. Nc6 Re8 33. b4 Re6
34. Na5 Rd6 35. Rf1 Qc7 36. Qe3 Ne6 37. Rc1 Qd7 38. Qf3 Kh7 39. c4 bxc4 40.
Qe4+ Kg8 41. Qxc4 Kh7 42. Qc2+ Kh6 43. Nb3 Nd4 44. Nxd4 Rxd4 45. a3 Qb5 46. h3
Qd7 47. Qc6 Qxc6 48. Rxc6 a5 49. Rb6 axb4 50. axb4 Rd3 51. Kf1 Rd2 52. b5 Rb2
53. g4 Kg6 54. Rb7 Kh6 55. Ke1 g6 56. f3 f5 57. Kd1 Rb3 58. Ke2 Rb2+ 59. Kd3
Rb3+ 60. Ke2 Rb2+ 61. Kd3 Rb3+ 62. Kc4 Rxf3 63. b6 Rf1 64. Rf7 Rb1 65. b7 e4
66. Kd4 Rb4+ 67. Kc5 Rb1 68. Rf6 Rxb7 69. gxf5 Kh5 70. fxg6 1/2-1/2

[Event "Wch Juvenil 2013 sub-14"]
[Site "Al-Ain UAE"]
[Date "2013.12.23"]
[Round "6.13"]
[White "Lorparizangeneh, Shahin"]
[Black "Mousseri, Daniel"]
[Result "1-0"]
[WhiteElo "2270"]
[BlackElo "2043"]
[PlyCount "73"]
[EventDate "2013.12.19"]
[EventType "swiss"]
[EventRounds "11"]
[EventCountry "UAE"]
[Source "lmi"]
[SourceDate "2013.12.19"]

1. d4 Nf6 2. c4 g6 3. Nc3 Bg7 4. e4 d6 5. Nf3 O-O 6. Be2 e5 7. O-O Na6 8. Be3
Ng4 9. Bg5 Qe8 10. dxe5 dxe5 11. h3 h6 12. Bd2 Nf6 13. Be3 c6 14. c5 Nc7 15.
Qd6 Nb5 16. Bxb5 cxb5 17. Bxh6 b4 18. Bxg7 Kxg7 19. Nd5 Nxe4 20. Qc7 Bf5 21.
Ne3 Rc8 22. Qxb7 Nxc5 23. Nxf5+ gxf5 24. Qxb4 Ne4 25. Rac1 Rb8 26. Qa3 Qe6 27.
Rc7 Rbe8 28. Rxa7 Qg6 29. Ra6 Qh5 30. Qe3 Rg8 31. Kh2 Kh7 32. Rg1 f6 33. b4 Re7
34. b5 Kh8 35. Ra7 f4 36. Qb6 Ree8 37. Nd2 1-0

[Event "Wch Juvenil 2013 sub-14"]
[Site "Al-Ain UAE"]
[Date "2013.12.23"]
[Round "6.14"]
[White "Loh, Zachary"]
[Black "Shtembuliak, Evgeny"]
[Result "0-1"]
[WhiteElo "2036"]
[BlackElo "2263"]
[PlyCount "118"]
[EventDate "2013.12.19"]
[EventType "swiss"]
[EventRounds "11"]
[EventCountry "UAE"]
[Source "lmi"]
[SourceDate "2013.12.19"]

1. d4 d6 2. c4 Nf6 3. Nc3 Bf5 4. g3 e5 5. Bg2 c6 6. e4 Be6 7. d5 cxd5 8. cxd5
Bd7 9. Nf3 Be7 10. O-O Na6 11. a3 Nc5 12. Nh4 a5 13. Nf5 O-O 14. f4 Bxf5 15.
exf5 Qb6 16. Kh1 Nb3 17. Rb1 Nxc1 18. Qxc1 Ng4 19. Qd2 Rfe8 20. fxe5 Nxe5 21.
Ne4 Nd7 22. Rbe1 Bf6 23. Re2 Re5 24. g4 h6 25. Rfe1 Rae8 26. Nxf6+ Nxf6 27.
Rxe5 dxe5 28. h3 e4 29. d6 Rd8 30. Bxe4 Rxd6 31. Qc2 Kh7 32. Bg2 Qd8 33. Qc4
Rd7 34. b4 b6 35. bxa5 bxa5 36. Rc1 Qb6 37. a4 Qe3 38. Rb1 Qg3 39. Qb3 Qh4 40.
Kg1 h5 41. gxh5 Nxh5 42. Qf3 Nf6 43. Qb3 Qg5 44. Qf3 Rd4 45. Rb7 Qc1+ 46. Kh2
Qc4 47. Qf1 Qa2 48. Qe1 Rxa4 49. Rb5 Qc4 50. Qe5 Qh4 51. Kg1 Ra2 52. Rb2 Ra1+
53. Bf1 a4 54. Rg2 Ra3 55. Rf2 Rg3+ 56. Bg2 Qxh3 57. Qf4 Ng4 58. Re2 Qh2+ 59.
Kf1 Rxg2 0-1

[Event "Wch Juvenil 2013 sub-14"]
[Site "Al-Ain UAE"]
[Date "2013.12.23"]
[Round "6.15"]
[White "Patrascu, Catalin-Lucian"]
[Black "Pranav, Vijay"]
[Result "0-1"]
[WhiteElo "2033"]
[BlackElo "2224"]
[PlyCount "116"]
[EventDate "2013.12.19"]
[EventType "swiss"]
[EventRounds "11"]
[EventCountry "UAE"]
[Source "lmi"]
[SourceDate "2013.12.19"]

1. d4 Nf6 2. c4 c5 3. Nf3 cxd4 4. Nxd4 Nc6 5. Nc3 g6 6. e4 d6 7. Be2 Nxd4 8.
Qxd4 Bg7 9. Be3 O-O 10. Qd2 Be6 11. O-O Qa5 12. f3 Rfc8 13. b3 a6 14. Rac1 Nd7
15. Nd5 Qxd2 16. Bxd2 Bxd5 17. exd5 Bd4+ 18. Kh1 Rc7 19. Rfd1 Bb2 20. Rc2 Bf6
21. Rdc1 Rac8 22. f4 Bd4 23. Bg4 f5 24. Be2 Nf6 25. Bf3 Kf7 26. g3 h5 27. Kg2
Nd7 28. Bb4 Bc5 29. a3 b6 30. Bd2 Bd4 31. Bb4 b5 32. Be2 Be3 33. Rd1 Bb6 34.
Rdc1 Nf6 35. Bd3 bxc4 36. Rxc4 Nxd5 37. Rxc7 Rxc7 38. Bc4 Kf8 39. Bd2 Nf6 40.
Bxa6 Ra7 41. Be2 Rxa3 42. Bd1 Ne4 43. Bb4 Ra2+ 44. Rc2 Ra1 45. Bf3 Rg1+ 46. Kh3
Nf2+ 47. Kh4 Bd4 48. Bc3 Bxc3 49. Rxf2 Rc1 50. Re2 Bf6+ 51. Kh3 e5 52. fxe5
dxe5 53. Bd5 Rg1 54. Bf3 e4 55. Rg2 exf3 56. Rxg1 g5 57. g4 fxg4+ 58. Kg3 Be5+
0-1

[Event "Wch Juvenil 2013 sub-14"]
[Site "Al-Ain UAE"]
[Date "2013.12.23"]
[Round "6.16"]
[White "Dai, Changren"]
[Black "Hoang, Harry"]
[Result "1-0"]
[WhiteElo "2216"]
[BlackElo "1990"]
[PlyCount "69"]
[EventDate "2013.12.19"]
[EventType "swiss"]
[EventRounds "11"]
[EventCountry "UAE"]
[Source "lmi"]
[SourceDate "2013.12.19"]

1. e4 e5 2. Nf3 Nf6 3. Nxe5 d6 4. Nf3 Nxe4 5. d4 d5 6. Bd3 Nc6 7. O-O Be7 8.
Nc3 Nxc3 9. bxc3 O-O 10. Rb1 Rb8 11. h3 Bf6 12. Bf4 Be6 13. Qd2 Na5 14. Bg3 Qe7
15. Rfe1 Rbd8 16. Ne5 Bxe5 17. Rxe5 c6 18. Qf4 Nc4 19. Re2 Rd7 20. Bh4 Qd6 21.
Qf3 Re8 22. Qh5 g6 23. Qg5 Qf8 24. Rbe1 Nb2 25. Bf5 h6 26. Qg3 g5 27. f4 Rc8
28. Rxe6 fxe6 29. Bxe6+ Kh8 30. Bxd7 gxh4 31. Qxh4 Rd8 32. Re6 Kh7 33. Re7+ Kh8
34. Bf5 Qxf5 35. Qxh6+ 1-0

[Event "Wch Juvenil 2013 sub-14"]
[Site "Al-Ain UAE"]
[Date "2013.12.23"]
[Round "6.17"]
[White "Papadopoulos, Argirios"]
[Black "Dolana, Andrei-Theodor"]
[Result "0-1"]
[WhiteElo "2005"]
[BlackElo "2210"]
[PlyCount "52"]
[EventDate "2013.12.19"]
[EventType "swiss"]
[EventRounds "11"]
[EventCountry "UAE"]
[Source "lmi"]
[SourceDate "2013.12.19"]

1. e4 c5 2. Nf3 e6 3. d4 cxd4 4. Nxd4 a6 5. Bd3 Qc7 6. O-O Nf6 7. Qe2 d6 8. Nc3
Be7 9. a4 Nc6 10. Nb3 b6 11. Bd2 Bb7 12. f4 O-O 13. g4 Nb4 14. g5 Nd7 15. a5 d5
16. e5 Nxd3 17. cxd3 Nc5 18. Nd4 bxa5 19. Rfc1 Rfc8 20. Be3 Qd8 21. Qd2 Nd7 22.
Nce2 Bb4 23. Qd1 Nc5 24. Nb3 d4 25. Nexd4 Qd5 26. Kf2 Qg2# 0-1

[Event "Wch Juvenil 2013 sub-14"]
[Site "Al-Ain UAE"]
[Date "2013.12.23"]
[Round "6.18"]
[White "Baskin, Robert"]
[Black "Turar, Dastan"]
[Result "0-1"]
[WhiteElo "2190"]
[BlackElo "1890"]
[PlyCount "96"]
[EventDate "2013.12.19"]
[EventType "swiss"]
[EventRounds "11"]
[EventCountry "UAE"]
[Source "lmi"]
[SourceDate "2013.12.19"]

1. e4 e6 2. d4 d5 3. Nc3 Bb4 4. e5 c5 5. Bd2 Ne7 6. a3 Bxc3 7. Bxc3 cxd4 8.
Qxd4 Nbc6 9. Qg4 O-O 10. Nf3 Ng6 11. Bd3 f5 12. exf6 e5 13. f7+ Rxf7 14. Qh5
Rf4 15. Bxg6 hxg6 16. Qg5 Re4+ 17. Kf1 Qxg5 18. Nxg5 Rc4 19. Nf3 d4 20. Nd2 Be6
21. Nxc4 Bxc4+ 22. Ke1 dxc3 23. bxc3 Bd5 24. f3 Na5 25. Kf2 Nc4 26. Rhe1 Bc6
27. Rad1 Re8 28. a4 a5 29. Rb1 b6 30. Ra1 Kf7 31. Re2 Re6 32. Kg3 Nb2 33. Rae1
Kf6 34. Re3 Nxa4 35. c4 Nc5 36. Rb1 Bb7 37. Kf2 Ba6 38. f4 e4 39. Rc3 e3+ 40.
Rxe3 Ne4+ 41. Ke1 Bxc4 42. g4 b5 43. Ra1 a4 44. h3 g5 45. f5 Re7 46. Raa3 Ke5
47. Rf3 Kd4 48. Kd1 b4 0-1

[Event "Wch Juvenil 2013 sub-14"]
[Site "Al-Ain UAE"]
[Date "2013.12.23"]
[Round "6.19"]
[White "Lopez Mulet, Iñigo"]
[Black "Manukyan, Artyom"]
[Result "1/2-1/2"]
[WhiteElo "2151"]
[BlackElo "1890"]
[PlyCount "156"]
[EventDate "2013.12.19"]
[EventType "swiss"]
[EventRounds "11"]
[EventCountry "UAE"]
[Source "lmi"]
[SourceDate "2013.12.19"]

1. d4 d5 2. c4 e6 3. Nf3 Nf6 4. g3 Be7 5. Bg2 O-O 6. Nbd2 a6 7. O-O b6 8. cxd5
exd5 9. Qc2 Nbd7 10. e4 Nxe4 11. Nxe4 dxe4 12. Qxe4 Rb8 13. Bf4 Nf6 14. Qc2 Nd5
15. Bd2 Bb7 16. Ne5 c5 17. dxc5 Bxc5 18. Nd3 Bd6 19. Qb3 Nf6 20. Bxb7 Rxb7 21.
Bf4 Bxf4 22. Nxf4 Re8 23. Qa3 a5 24. Rad1 Rd7 25. Rc1 Rd2 26. Qb3 Qd4 27. Rc2
Ne4 28. Ne2 Qd7 29. Nc3 Rc8 30. Rxd2 Nxd2 31. Rd1 Qd4 32. Qd5 Qxd5 33. Nxd5 Rc2
34. Nxb6 f6 35. Na4 Kf7 36. a3 Nf3+ 37. Kg2 Ne5 38. h3 Nc4 39. Rd7+ Kg6 40. b4
Ra2 41. Nc5 Rxa3 42. bxa5 Rxa5 43. Ne6 Re5 44. Nf8+ Kh6 45. Rd4 Nb6 46. Rb4 Nd5
47. Rh4+ Rh5 48. Rxh5+ Kxh5 49. Nxh7 Nc7 50. Nf8 f5 51. Nd7 Kg6 52. Kf3 Nd5 53.
h4 Kh5 54. Nc5 g5 55. hxg5 Kxg5 56. Ne6+ Kf6 57. Nd4 Kg5 58. Ne2 Kf6 59. Nf4
Nc3 60. Ke3 Ne4 61. Nd3 Kg5 62. Ne5 Kf6 63. Ng4+ Kg5 64. Nh2 Nc3 65. f4+ Kh5
66. Kf3 Ne4 67. Nf1 Kg6 68. Ne3 Nd2+ 69. Ke2 Ne4 70. Nf1 Kh5 71. Kf3 Kg6 72.
Ke3 Kh5 73. Kd4 Kg4 74. Ke5 Nc5 75. Ne3+ Kxg3 76. Nxf5+ Kg4 77. Ne3+ Kf3 78.
Nd5 Nd3+ 1/2-1/2

[Event "Wch Juvenil 2013 sub-14"]
[Site "Al-Ain UAE"]
[Date "2013.12.23"]
[Round "6.20"]
[White "Akhgari, Reza"]
[Black "Meunier, Clement"]
[Result "1/2-1/2"]
[WhiteElo "2000"]
[BlackElo "2113"]
[PlyCount "42"]
[EventDate "2013.12.19"]
[EventType "swiss"]
[EventRounds "11"]
[EventCountry "UAE"]
[Source "lmi"]
[SourceDate "2013.12.19"]

1. d4 Nf6 2. c4 g6 3. Nc3 Bg7 4. e4 d6 5. f3 O-O 6. Be3 c6 7. Qd2 e5 8. d5 Ne8
9. O-O-O a6 10. g4 c5 11. h4 f6 12. Bd3 Bd7 13. Qg2 b5 14. b3 b4 15. Nb1 a5 16.
Rd2 a4 17. Rh2 Qc8 18. h5 g5 19. Ne2 h6 20. Ng3 Rf7 21. Qe2 Ra7 1/2-1/2

[Event "Wch Juvenil 2013 sub-14"]
[Site "Al-Ain UAE"]
[Date "2013.12.23"]
[Round "6.21"]
[White "Acsinte, Matei-Ionut"]
[Black "Licheli, Luka"]
[Result "1/2-1/2"]
[WhiteElo "2094"]
[BlackElo "1759"]
[PlyCount "59"]
[EventDate "2013.12.19"]
[EventType "swiss"]
[EventRounds "11"]
[EventCountry "UAE"]
[Source "lmi"]
[SourceDate "2013.12.19"]

1. e4 c6 2. Nc3 d5 3. Nf3 Bg4 4. h3 Bh5 5. exd5 cxd5 6. Bb5+ Nc6 7. g4 Bg6 8.
Ne5 Qd6 9. d4 f6 10. Nxg6 hxg6 11. Qd3 g5 12. Qg6+ Kd7 13. Be3 Rd8 14. O-O-O
Kc8 15. Na4 Nh6 16. Kb1 e6 17. Rhg1 Qc7 18. Bc1 Bd6 19. Rge1 Rhe8 20. Re3 Kb8
21. Rc3 Rc8 22. Bxc6 bxc6 23. Nc5 Bxc5 24. Rxc5 Ka8 25. Rd3 Qf7 26. Qxf7 Nxf7
27. Rdc3 Kb7 28. Rb3+ Ka8 29. Rbc3 Kb7 30. Rb3+ 1/2-1/2

[Event "Wch Juvenil 2013 sub-14"]
[Site "Al-Ain UAE"]
[Date "2013.12.23"]
[Round "6.22"]
[White "Virtanen, Teemu"]
[Black "Muthaiah, Al"]
[Result "0-1"]
[WhiteElo "1936"]
[BlackElo "2092"]
[PlyCount "124"]
[EventDate "2013.12.19"]
[EventType "swiss"]
[EventRounds "11"]
[EventCountry "UAE"]
[Source "lmi"]
[SourceDate "2013.12.19"]

1. c4 c5 2. Nc3 g6 3. g3 Bg7 4. Bg2 Nc6 5. Nf3 Nf6 6. O-O O-O 7. d4 d6 8. Re1
Bg4 9. d5 Na5 10. Nd2 a6 11. Qc2 b5 12. cxb5 axb5 13. Nxb5 Qd7 14. a4 Bh3 15.
Bh1 Qb7 16. Ra3 Bd7 17. Nc3 c4 18. b3 cxb3 19. Nxb3 Nc4 20. Ra2 Ng4 21. h3 Qb4
22. hxg4 Bxc3 23. Bd2 Nxd2 24. Nxd2 Bxa4 25. Rxa4 Rxa4 26. Rb1 Ra1 27. Rxa1
Bxa1 28. Bf3 Qc3 29. Qxc3 Bxc3 30. Ne4 Rc8 31. Kf1 Bb4 32. g5 Rc1+ 33. Kg2 Rd1
34. g4 Kg7 35. Ng3 h6 36. gxh6+ Kxh6 37. e3 Rd2 38. g5+ Kg7 39. Ne2 Bc5 40. Kg3
Rc2 41. Nf4 Bb4 42. Nd3 Bc3 43. Be4 Rd2 44. Ne1 Rd1 45. Ng2 f5 46. gxf6+ exf6
47. Nf4 Be5 48. Kf3 Bxf4 49. Kxf4 f5 50. Bg2 Kf6 51. e4 g5+ 52. Kf3 Ke5 53.
exf5 Rxd5 54. Ke3 Rd4 55. Bf1 Re4+ 56. Kd2 Rf4 57. Ke3 Rxf5 58. f3 g4 59. Bg2
Rxf3+ 60. Bxf3 gxf3 61. Kxf3 Kd4 62. Ke2 Ke5 0-1

[Event "Wch Juvenil 2013 sub-14"]
[Site "Al-Ain UAE"]
[Date "2013.12.23"]
[Round "6.23"]
[White "Markocic, Tine"]
[Black "Shahaliyev, Ismayil Bahram"]
[Result "0-1"]
[WhiteElo "1853"]
[BlackElo "2091"]
[PlyCount "144"]
[EventDate "2013.12.19"]
[EventType "swiss"]
[EventRounds "11"]
[EventCountry "UAE"]
[Source "lmi"]
[SourceDate "2013.12.19"]

1. e4 c5 2. Nf3 e6 3. d4 cxd4 4. Nxd4 a6 5. Bd3 Qc7 6. O-O Nf6 7. Nc3 Be7 8.
Qe2 d6 9. Kh1 Nbd7 10. f4 O-O 11. Be3 Nc5 12. Rac1 Re8 13. Nb3 Nfd7 14. Nxc5
Nxc5 15. Bxc5 Qxc5 16. e5 Bd7 17. Ne4 Qc7 18. Qh5 g6 19. exd6 gxh5 20. dxc7
Rac8 21. Rf3 h4 22. Re1 Rxc7 23. Nd2 b5 24. Rh3 Bc6 25. Nf3 Bxf3 26. Rxf3 Bf6
27. b3 Rd8 28. g3 Rd4 29. Kg2 h5 30. Rfe3 hxg3 31. hxg3 h4 32. Re4 hxg3 33.
Rxd4 Bxd4 34. Kxg3 b4 35. Re4 Bc3 36. Rc4 Ra7 37. f5 exf5 38. Bxf5 a5 39. Kf3
a4 40. Bd3 a3 41. Rg4+ Kf8 42. Rg1 Re7 43. Rf1 Re5 44. Kg4 Ke7 45. Rf5 Re1 46.
Rf1 Re6 47. Bc4 Rg6+ 48. Kf5 Rg2 49. Bd3 Kd6 50. Ke4 f6 51. Rf5 Rg4+ 52. Rf4
Rg5 53. Ke3 Rg2 54. Rf5 Be5 55. Rf1 Kc5 56. Rf5 Rh2 57. Be2 Rh3+ 58. Rf3 Rh4
59. Rf5 Kd6 60. Rf3 Bd4+ 61. Kd3 Bc3 62. Ke3 Ke5 63. Bd3 Rh5 64. Ke2 f5 65.
Rxf5+ Rxf5 66. Bxf5 Kxf5 67. Kd1 Ke4 68. Kc1 Ke3 69. Kb1 Bd2 70. Ka1 Ke2 71.
Kb1 Kd1 72. Ka1 Kc1 0-1

[Event "Wch Juvenil 2013 sub-14"]
[Site "Al-Ain UAE"]
[Date "2013.12.23"]
[Round "6.24"]
[White "Santos Ruiz, Miguel"]
[Black "Bunyatov, Rustam Faiq"]
[Result "1-0"]
[WhiteElo "2307"]
[BlackElo "1965"]
[PlyCount "129"]
[EventDate "2013.12.19"]
[EventType "swiss"]
[EventRounds "11"]
[EventCountry "UAE"]
[Source "lmi"]
[SourceDate "2013.12.19"]

1. e4 Nf6 2. e5 Nd5 3. d4 d6 4. Nf3 dxe5 5. Nxe5 c6 6. Be2 Bf5 7. O-O Nd7 8.
Nf3 e6 9. c4 N5f6 10. Nc3 Nb6 11. Nh4 Bg6 12. Nxg6 hxg6 13. Be3 Bb4 14. Rc1
Bxc3 15. Rxc3 Qc7 16. g3 Rd8 17. Qc2 Nc8 18. Bf4 Qd7 19. Rd1 Ne7 20. Bf3 O-O
21. Kg2 Qe8 22. g4 Rd7 23. h4 Qc8 24. b4 Rfd8 25. Be5 Nh7 26. Qe4 b6 27. Rdd3
Qa6 28. a3 b5 29. c5 Nd5 30. Rc1 Nhf6 31. Qe2 Kf8 32. Rh1 Ke7 33. Qd2 Rh8 34.
h5 gxh5 35. Qg5 Qc8 36. Bxd5 Rxd5 37. Qxg7 Rxe5 38. dxe5 Nd5 39. Rf3 Qe8 40.
Qg5+ Kd7 41. Rxh5 Rg8 42. Qh4 Rg7 43. Rh8 Qe7 44. Qxe7+ Kxe7 45. Kh3 Nc7 46.
Rc8 Kd7 47. Rb8 a6 48. Kg3 Rh7 49. Rd3+ Nd5 50. Ra8 Kc7 51. Rf3 Kd7 52. Rxa6
Nc7 53. Rd3+ Nd5 54. Ra7+ Ke8 55. Rd1 Rh6 56. Ra1 Nc3 57. Rc7 f6 58. Re1 f5 59.
g5 Rh5 60. f4 Ne4+ 61. Kg2 Rh4 62. Rh1 Rg4+ 63. Kf3 Rg3+ 64. Ke2 Rg2+ 65. Ke1
1-0

[Event "Wch Juvenil 2013 sub-14"]
[Site "Al-Ain UAE"]
[Date "2013.12.23"]
[Round "6.25"]
[White "Martinez Alcantara, Jose Eduar"]
[Black "Abbas, Daniel"]
[Result "1-0"]
[WhiteElo "2301"]
[PlyCount "119"]
[EventDate "2013.12.19"]
[EventType "swiss"]
[EventRounds "11"]
[EventCountry "UAE"]
[Source "lmi"]
[SourceDate "2013.12.19"]
[BlackElo "1974"]

1. e4 c5 2. Nf3 e6 3. d4 cxd4 4. Nxd4 a6 5. Bd3 Bc5 6. Nb3 Ba7 7. O-O Nc6 8.
Qg4 Nf6 9. Qxg7 Rg8 10. Qh6 Ne5 11. Nc3 Rg6 12. Qh3 Nfg4 13. Be2 Qf6 14. Nd1 d6
15. Ne3 Qg7 16. Nxg4 Nxg4 17. Bxg4 Rxg4 18. Qf3 Bd7 19. Bf4 e5 20. Be3 Bxe3 21.
fxe3 O-O-O 22. Na5 Rg8 23. Rf2 Rg6 24. Nc4 Kb8 25. Nb6 f6 26. Nxd7+ Qxd7 27.
Rd1 Qa4 28. a3 Qb5 29. b3 Qc5 30. a4 h5 31. Rd5 Qc3 32. Qe2 Qb4 33. Qd2 Qxe4
34. Rxd6 f5 35. Rxg6 Rxg6 36. Qd3 Qxd3 37. cxd3 Rf6 38. Rc2 b6 39. Kf2 Rd6 40.
Ke2 Rg6 41. g3 f4 42. exf4 exf4 43. gxf4 Rg2+ 44. Kd1 Rg1+ 45. Kd2 Rg2+ 46. Kc3
Rg4 47. Rf2 Kc7 48. f5 Kd7 49. f6 Ke8 50. f7+ Kf8 51. Rf6 Rg2 52. h4 b5 53. a5
Rg4 54. b4 Rxh4 55. Rxa6 Rh2 56. Rb6 h4 57. Rxb5 h3 58. Rh5 Rh1 59. a6 h2 60.
Kb2 1-0

[Event "Wch Juvenil 2013 sub-14"]
[Site "Al-Ain UAE"]
[Date "2013.12.23"]
[Round "6.26"]
[White "Cori Quispe, Kevin"]
[Black "Zhao, Juncheng"]
[Result "1-0"]
[WhiteElo "2259"]
[BlackElo "1963"]
[PlyCount "85"]
[EventDate "2013.12.19"]
[EventType "swiss"]
[EventRounds "11"]
[EventCountry "UAE"]
[Source "lmi"]
[SourceDate "2013.12.19"]

1. e4 e6 2. d4 d5 3. Nc3 Nf6 4. e5 Nfd7 5. f4 c5 6. Nf3 Nc6 7. Be3 Be7 8. Qd2
O-O 9. dxc5 Nxc5 10. O-O-O Qc7 11. Kb1 Ne4 12. Qe1 f5 13. exf6 Nxc3+ 14. Qxc3
Bxf6 15. Qd2 b5 16. g3 b4 17. Bb5 a5 18. Rhe1 Rd8 19. Bxc6 Qxc6 20. Bd4 Be7 21.
f5 a4 22. Ne5 Qb7 23. fxe6 Bxe6 24. Ng6 Ra6 25. Nxe7+ Qxe7 26. Re5 b3 27. a3
Qf6 28. cxb3 Qg6+ 29. Ka1 h6 30. b4 Rc6 31. b5 Rc2 32. Qd3 Qxd3 33. Rxd3 Rc1+
34. Ka2 Bf7 35. Rd2 Rdc8 36. Ree2 Be8 37. b6 Bb5 38. b7 Rb8 39. Re7 Bc4+ 40. b3
axb3+ 41. Kb2 Rc2+ 42. Rxc2 bxc2 43. Ba7 1-0

[Event "Wch Juvenil 2013 sub-14"]
[Site "Al-Ain UAE"]
[Date "2013.12.23"]
[Round "6.27"]
[White "Maghsoodloo, Parham"]
[Black "Oliveira, Tiago Lopes"]
[Result "1-0"]
[WhiteElo "2199"]
[BlackElo "1930"]
[PlyCount "79"]
[EventDate "2013.12.19"]
[EventType "swiss"]
[EventRounds "11"]
[EventCountry "UAE"]
[Source "lmi"]
[SourceDate "2013.12.19"]

1. e4 c5 2. Nf3 e6 3. d4 cxd4 4. Nxd4 Nf6 5. Bd3 d6 6. Nc3 a6 7. O-O Be7 8. f4
O-O 9. Kh1 Qc7 10. Qe2 Nc6 11. Nxc6 bxc6 12. e5 Nd5 13. Nxd5 exd5 14. exd6 Bxd6
15. Qh5 f5 16. Bd2 c5 17. Rae1 c4 18. Be2 Bb7 19. Bf3 g6 20. Qh4 d4 21. Qf2
Bxf3 22. Qxf3 Qf7 23. Qc6 Be7 24. Re6 Rfc8 25. Qd5 c3 26. bxc3 Rd8 27. Qe5 Bf8
28. cxd4 Bg7 29. Qe2 Bxd4 30. Re1 Rd7 31. h3 Bg7 32. Bb4 Bf8 33. Bxf8 Kxf8 34.
Qf3 Rc8 35. Qa3+ Kg8 36. Re7 Rxe7 37. Rxe7 Qc4 38. Qd6 Qc3 39. Qe6+ Kh8 40. Qf7
1-0

[Event "Wch Juvenil 2013 sub-14"]
[Site "Al-Ain UAE"]
[Date "2013.12.23"]
[Round "6.28"]
[White "Plenca, Jadranko"]
[Black "Gokerkan, Cem Kaan"]
[Result "0-1"]
[WhiteElo "2168"]
[BlackElo "1960"]
[PlyCount "132"]
[EventDate "2013.12.19"]
[EventType "swiss"]
[EventRounds "11"]
[EventCountry "UAE"]
[Source "lmi"]
[SourceDate "2013.12.19"]

1. e4 c5 2. Nf3 d6 3. Bb5+ Nd7 4. d4 Ngf6 5. O-O cxd4 6. Qxd4 e5 7. Qd3 h6 8.
c4 Be7 9. Bxd7+ Bxd7 10. Nc3 O-O 11. Rd1 Qc7 12. b3 Rfd8 13. Bb2 b6 14. Ne1
Rac8 15. Nc2 Qb7 16. a4 Bc6 17. f3 Bd7 18. Ne3 Be6 19. Ba3 Bf8 20. Ra2 a6 21.
Qb1 Qa7 22. Kf2 Rb8 23. Rd3 Nh5 24. g3 Nf6 25. Qd1 Ne8 26. Kg2 Qa8 27. Ned5 Qc6
28. Rad2 Qa8 29. Ra2 Qc6 30. Rad2 Qa8 31. Bb4 Qc6 32. Ne3 Rb7 33. Ned5 Rbd7 34.
Ra2 Nc7 35. a5 b5 36. Nxc7 Rxc7 37. cxb5 axb5 38. Nd5 Rcc8 39. Nb6 Rc7 40. Nd5
Rcc8 41. Qe2 Qa6 42. Nb6 Rc6 43. Rc2 Qb7 44. Rxc6 Qxc6 45. Rc3 Qb7 46. Qxb5 f5
47. a6 Qa7 48. Ba5 fxe4 49. fxe4 d5 50. exd5 Bf5 51. Qc4 Kh8 52. Rf3 Bg6 53. b4
e4 54. Ra3 Qf7 55. a7 Qxa7 56. Nc8 Qa8 57. Nb6 Qb7 58. Rc3 Qf7 59. Qc7 Qf6 60.
Rc6 Qf3+ 61. Kg1 Qe3+ 62. Kf1 Qd3+ 63. Ke1 Bh5 64. Rc2 Qd1+ 65. Kf2 e3+ 66. Kg2
Bf3+ 0-1

[Event "Wch Juvenil 2013 sub-14"]
[Site "Al-Ain UAE"]
[Date "2013.12.23"]
[Round "6.29"]
[White "Koniahli, Malek"]
[Black "Perske, Thore"]
[Result "0-1"]
[WhiteElo "1875"]
[BlackElo "2164"]
[PlyCount "156"]
[EventDate "2013.12.19"]
[EventType "swiss"]
[EventRounds "11"]
[EventCountry "UAE"]
[Source "lmi"]
[SourceDate "2013.12.19"]

1. e4 e6 2. Nf3 d5 3. Nc3 Nf6 4. e5 Nfd7 5. d4 c5 6. dxc5 Bxc5 7. Bd3 Nc6 8.
Bf4 f6 9. Qe2 fxe5 10. Nxe5 Ndxe5 11. Bxe5 Nxe5 12. Qxe5 Qf6 13. Bb5+ Kd8 14.
Qg3 a6 15. Be2 Bd7 16. Rd1 Qg6 17. Qxg6 hxg6 18. O-O Kc7 19. Bf3 g5 20. Rfe1
Raf8 21. h3 Bd6 22. Re2 Rh6 23. a3 Bc6 24. b4 Rf4 25. Rde1 Rc4 26. Nd1 d4 27.
Bxc6 Rxc6 28. Rd2 e5 29. c3 dxc3 30. Rc2 Rh4 31. Re3 Rd4 32. Nxc3 Kd7 33. Rce2
g4 34. Ne4 gxh3 35. Rxh3 Rcc4 36. Rhe3 Be7 37. Nd2 Rc1+ 38. Kh2 Bg5 39. Nb3
Bxe3 40. Rxe3 Rh4+ 41. Kg3 Rcc4 42. Rxe5 Rhg4+ 43. Kf3 b6 44. Nd2 Rcf4+ 45. Ke3
Rf6 46. Ne4 Re6 47. Rxe6 Kxe6 48. g3 Kd5 49. Nd2 Rg6 50. Kd3 Rf6 51. Ke3 Rc6
52. Kd3 Rc1 53. a4 Ra1 54. Ne4 Rd1+ 55. Nd2 Kc6 56. Kc3 Ra1 57. Kb3 Kd5 58. Nc4
Rb1+ 59. Nb2 Kd4 60. Kc2 Rf1 61. Nd1 Rh1 62. Ne3 g6 63. Kb3 Rh2 64. Ng4 Rh8 65.
b5 axb5 66. axb5 Kc5 67. Ne5 g5 68. Nf3 Rg8 69. Ka4 Kc4 70. Nd2+ Kd3 71. Nb1 g4
72. Kb4 Ke2 73. Nc3+ Kxf2 74. Nd5 Rb8 75. Kc4 Kxg3 76. Ne3 Kf3 77. Nf5 Rc8+ 78.
Kd5 Rc5+ 0-1

[Event "Wch Juvenil 2013 sub-14"]
[Site "Al-Ain UAE"]
[Date "2013.12.23"]
[Round "6.30"]
[White "Xu, Minghui"]
[Black "Catur, Adi Sagita"]
[Result "1-0"]
[WhiteElo "2121"]
[BlackElo "1879"]
[PlyCount "87"]
[EventDate "2013.12.19"]
[EventType "swiss"]
[EventRounds "11"]
[EventCountry "UAE"]
[Source "lmi"]
[SourceDate "2013.12.19"]

1. e4 c6 2. d4 d5 3. e5 Bf5 4. Nc3 e6 5. g4 Bg6 6. Nge2 Bb4 7. Be3 Ne7 8. Bg2
Nd7 9. Ng3 Qa5 10. Bd2 Qb6 11. a3 Bxc3 12. Bxc3 c5 13. f4 f5 14. exf6 gxf6 15.
O-O O-O-O 16. Qe1 Nc6 17. dxc5 Qxc5+ 18. Rf2 Rhe8 19. b4 Qb6 20. a4 a6 21. Bf1
Nd4 22. Qd1 Nxc2 23. Rc1 Ne3 24. Bd4+ Kb8 25. Bxb6 Nxd1 26. Bc7+ Ka7 27. Rxd1
Rc8 28. Rc1 e5 29. f5 Bf7 30. Rfc2 d4 31. Bxe5 Nxe5 32. Rxc8 Nf3+ 33. Kf2 Re3
34. a5 Bd5 35. Rd8 Bc6 36. Rxd4 Rb3 37. Rxc6 Nxd4 38. Rxf6 Rxb4 39. Rb6 Ra4 40.
Bg2 Ra2+ 41. Kg1 h5 42. Rxb7+ Ka8 43. Rb2+ Ka7 44. Rxa2 1-0